Técnicas convencionales y biotecnológicas para la propagación de plantas en zonas áridas /
Guardado en:
| Autor Principal: | |
|---|---|
| Otros Autores: | |
| Formato: | Libro |
| Idioma: | Spanish |
| Publicado: |
Santiago de Chile :
FAO,
1996.
|
| Series: | Zonas áridas y semiáridas nº 9
|
| Etiquetas: |
Agregar Etiqueta
Sin Etiquetas, Sea el primero en etiquetar este registro!
|
| LEADER | 00599nam a22001575a 4500 | ||
|---|---|---|---|
| 001 | EEA.libagro011503 | ||
| 008 | 231106s1996####xx############000#0#spa#d | ||
| 005 | 20231106131144.0 | ||
| 245 | 1 | 0 | |a Técnicas convencionales y biotecnológicas para la propagación de plantas en zonas áridas / |c Juan Izquierdo y Guadalupe Palomino. |
| 260 | |a Santiago de Chile : |b FAO, |c 1996. | ||
| 300 | |a 347 p. : |b il. (algunas col.) ; |c 27 cm. | ||
| 490 | 1 | |a Zonas áridas y semiáridas nº 9 | |
| 100 | 1 | |a Izquierdo, Juan. | |
| 700 | 1 | |a Palomino, Guadalupe. | |
| 082 | 0 | 4 | |a 631.53 |
| 859 | |a AR-BbBCA |b BIB. AGRONOMIA |h 631.53 |i I99 |p 2023/7303 | ||
